School E Care Portal (Record no. 64703)

MARC details
000 -LEADER
fixed length control field 00513nam a22001817a 4500
082 ## - DEWEY DECIMAL CLASSIFICATION NUMBER
Classification number R/6IT15
100 ## - MAIN ENTRY--AUTHOR NAME
Personal name Syed Wali Ullah Shah
100 ## - MAIN ENTRY--AUTHOR NAME
Personal name Roll No. 15BS(IT)62
100 ## - MAIN ENTRY--AUTHOR NAME
Personal name Supervisor -
245 ## - TITLE STATEMENT
Title School E Care Portal
260 ## - PUBLICATION, DISTRIBUTION, ETC. (IMPRINT)
Place of publication Nawabshah
Name of publisher QUEST
Year of publication 2019
300 ## - PHYSICAL DESCRIPTION
Number of Pages 60p
700 ## - ADDED ENTRY--PERSONAL NAME
Personal name Moiz Abbasi (Roll No. 15BS(IT)01)
700 ## - ADDED ENTRY--PERSONAL NAME
Personal name Syeda Nudrat Shah (Roll No. 15BS(IT)46)
700 ## - ADDED ENTRY--PERSONAL NAME
Personal name Noor Nabi Memon (Roll No. 15BS(IT)60)
700 ## - ADDED ENTRY--PERSONAL NAME
Personal name Haseeb Rehman (Roll No. 15BS(IT)38)
942 ## - ADDED ENTRY ELEMENTS (KOHA)
Koha item type Thesis and Dissertation
Holdings
Withdrawn status Lost status Home library Current library Date acquired Accession Number Koha item type
    Central Library, QUEST, Nawabshah Research Section 06/03/2019 ITP/14-133 Thesis and Dissertation